[Event "euyr2018"]
[Site "?"]
[Date "2018.05.25"]
[Round "1.10"]
[White "Budzak, Tobias"]
[Black "Verbovsky, Michal"]
[Result "0-1"]
[BlackElo "1729"]
[WhiteElo "1418"]
[LiveChessVersion "1.4.8"]

1. e4 {[%clk 0:20:19]} c5 {[%clk 0:20:10]} 2. Nf3 {[%clk 0:20:26]} e6
{[%clk 0:20:18]} 3. d4 {[%clk 0:20:34]} cxd4 {[%clk 0:20:25]} 4. Nxd4
{[%clk 0:20:41]} Nf6 {[%clk 0:20:31]} 5. Bd3 {[%clk 0:20:40]} Be7
{[%clk 0:20:37]} 6. O-O {[%clk 0:20:38]} d6 {[%clk 0:20:43]} 7. b3
{[%clk 0:20:36]} O-O {[%clk 0:20:46]} 8. Bb2 {[%clk 0:20:43]} Nc6
{[%clk 0:20:29]} 9. Nf3 {[%clk 0:20:40]} Bd7 {[%clk 0:20:03]} 10. e5
{[%clk 0:20:33]} dxe5 {[%clk 0:19:29]} 11. Nxe5 {[%clk 0:20:36]} Nxe5
{[%clk 0:19:20]} 12. Bxe5 {[%clk 0:20:44]} Bc6 {[%clk 0:19:22]} 13. c4
{[%clk 0:19:52]} Qa5 {[%clk 0:17:38]} 14. Bc3 {[%clk 0:19:09]} Qg5
{[%clk 0:17:38]} 15. g3 {[%clk 0:18:16]} Rad8 {[%clk 0:14:10]} 16. Qe2
{[%clk 0:17:25]} Rd7 {[%clk 0:10:57]} 17. Bc2 {[%clk 0:13:08]} Rfd8
{[%clk 0:10:11]} 18. Rd1 {[%clk 0:11:17]} Rxd1+ {[%clk 0:09:57]} 19. Bxd1
{[%clk 0:11:20]} Ne4 {[%clk 0:09:21]} 20. Qe1 {[%clk 0:08:59]} Bc5
{[%clk 0:08:56]} 0-1

[Event "euyr2018"]
[Site "?"]
[Date "2018.05.25"]
[Round "1.11"]
[White "Sandor, Martin"]
[Black "Smidova, Michaela"]
[Result "1-0"]
[BlackElo "1398"]
[WhiteElo "1711"]
[LiveChessVersion "1.4.8"]

1. e4 {[%clk 0:20:18]} e5 {[%clk 0:20:18]} 2. Nf3 {[%clk 0:20:26]} Nc6
{[%clk 0:20:27]} 3. Bc4 {[%clk 0:20:35]} Nf6 {[%clk 0:20:31]} 4. d3
{[%clk 0:20:43]} Be7 {[%clk 0:20:34]} 5. c3 {[%clk 0:20:51]} d6 {[%clk 0:20:12]}
6. h3 {[%clk 0:20:42]} Be6 {[%clk 0:19:55]} 7. Bb3 {[%clk 0:20:25]} Qd7
{[%clk 0:19:36]} 8. Nbd2 {[%clk 0:20:29]} O-O {[%clk 0:19:04]} 9. O-O
{[%clk 0:20:37]} Rad8 {[%clk 0:18:36]} 10. Re1 {[%clk 0:20:41]} Kh8
{[%clk 0:17:10]} 11. Nf1 {[%clk 0:20:25]} Ng8 {[%clk 0:16:25]} 12. Ng3
{[%clk 0:19:56]} f5 {[%clk 0:16:13]} 13. Bxe6 {[%clk 0:19:51]} Qxe6
{[%clk 0:15:51]} 14. Nxf5 {[%clk 0:19:38]} g6 {[%clk 0:14:09]} 15. Nxe7
{[%clk 0:19:22]} Ngxe7 {[%clk 0:13:50]} 16. Qb3 {[%clk 0:18:44]} Qxb3
{[%clk 0:13:15]} 17. axb3 {[%clk 0:18:53]} a6 {[%clk 0:13:08]} 18. Bg5
{[%clk 0:18:24]} Rf7 {[%clk 0:11:58]} 19. b4 {[%clk 0:15:36]} Re8
{[%clk 0:09:29]} 20. Nh2 {[%clk 0:14:49]} h5 {[%clk 0:08:48]} 21. Nf1
{[%clk 0:13:28]} Ref8 {[%clk 0:08:01]} 22. f3 {[%clk 0:13:35]} Nd8
{[%clk 0:07:13]} 23. Ne3 {[%clk 0:11:44]} Ne6 {[%clk 0:06:30]} 24. Bxe7
{[%clk 0:11:43]} Rxe7 {[%clk 0:06:29]} 25. Nd5 {[%clk 0:11:52]} Ref7
{[%clk 0:06:19]} 26. Rad1 {[%clk 0:11:45]} c6 {[%clk 0:06:15]} 27. Ne3
{[%clk 0:11:44]} Nf4 {[%clk 0:05:04]} 28. d4 {[%clk 0:11:19]} exd4
{[%clk 0:04:52]} 29. Rxd4 {[%clk 0:11:14]} Rd8 {[%clk 0:04:28]} 30. Nc4
{[%clk 0:09:45]} d5 {[%clk 0:03:43]} 31. Ne5 {[%clk 0:09:30]} Re7
{[%clk 0:03:29]} 32. exd5 {[%clk 0:09:34]} cxd5 {[%clk 0:03:06]} 33. Rxf4
{[%clk 0:09:42]} 1-0

[Event "euyr2018"]
[Site "?"]
[Date "2018.05.25"]
[Round "1.12"]
[White "Taragel, Marian"]
[Black "Pniaczek, Marek"]
[Result "0-1"]
[BlackElo "1701"]
[WhiteElo "1369"]
[LiveChessVersion "1.4.8"]

1. e4 {[%clk 0:20:17]} c5 {[%clk 0:20:18]} 2. Nf3 {[%clk 0:20:24]} e6
{[%clk 0:20:26]} 3. d4 {[%clk 0:20:23]} cxd4 {[%clk 0:20:34]} 4. Nxd4
{[%clk 0:20:28]} a6 {[%clk 0:20:42]} 5. Nc3 {[%clk 0:20:22]} b5 {[%clk 0:20:48]}
6. Be3 {[%clk 0:19:20]} Bb7 {[%clk 0:20:51]} 7. f3 {[%clk 0:18:59]} Nf6
{[%clk 0:20:24]} 8. Bd3 {[%clk 0:18:39]} d6 {[%clk 0:18:36]} 9. O-O
{[%clk 0:17:43]} Nbd7 {[%clk 0:18:40]} 10. Nb3 {[%clk 0:16:25]} Qc7
{[%clk 0:16:47]} 11. Rc1 {[%clk 0:14:43]} Be7 {[%clk 0:16:42]} 12. Qd2
{[%clk 0:14:34]} O-O {[%clk 0:16:11]} 13. Rfd1 {[%clk 0:14:05]} Rfd8
{[%clk 0:14:38]} 14. Qf2 {[%clk 0:13:12]} Nc5 {[%clk 0:13:37]} 15. Nxc5
{[%clk 0:12:13]} dxc5 {[%clk 0:13:45]} 16. Be2 Rac8 {[%clk 0:06:33]} 17. a3
{[%clk 0:08:09]} Nd7 {[%clk 0:05:57]} 18. Rd2 {[%clk 0:07:39]} Ne5
{[%clk 0:03:22]} 19. Rcd1 {[%clk 0:07:09]} Rxd2 {[%clk 0:03:30]} 20. Rxd2
{[%clk 0:07:09]} Nd7 {[%clk 0:03:28]} 21. Qg3 {[%clk 0:05:13]} Qxg3
{[%clk 0:02:23]} 22. hxg3 {[%clk 0:05:19]} Nf6 {[%clk 0:01:54]} 23. Bg5
{[%clk 0:04:33]} h6 {[%clk 0:01:36]} 24. Bxf6 {[%clk 0:04:11]} Bxf6
{[%clk 0:01:45]} 25. Rd7 {[%clk 0:03:37]} Bc6 {[%clk 0:01:30]} 26. Rd6
{[%clk 0:03:23]} Be5 {[%clk 0:01:30]} 27. Rd1 {[%clk 0:02:57]} Bxg3
{[%clk 0:01:36]} 28. Bf1 {[%clk 0:02:24]} Be5 {[%clk 0:01:44]} 29. Kf2
{[%clk 0:02:27]} Bd4+ {[%clk 0:01:43]} 30. Ke2 {[%clk 0:02:28]} f5
{[%clk 0:01:52]} 31. exf5 {[%clk 0:02:03]} exf5 {[%clk 0:02:00]} 32. Kd2
{[%clk 0:02:03]} b4 {[%clk 0:01:53]} 33. axb4 {[%clk 0:01:28]} cxb4
{[%clk 0:02:01]} 34. Kc1 {[%clk 0:01:09]} Be3+ {[%clk 0:02:06]} 0-1

[Event "euyr2018"]
[Site "?"]
[Date "2018.05.25"]
[Round "1.13"]
[White "Mikova, Miriam"]
[Black "Persanyi, Barnabas"]
[Result "0-1"]
[BlackElo "2049"]
[WhiteElo "1385"]
[LiveChessVersion "1.4.8"]

1. d4 {[%clk 0:20:20]} Nf6 {[%clk 0:20:16]} 2. Bf4 {[%clk 0:20:28]} c5
{[%clk 0:20:15]} 3. e3 {[%clk 0:20:27]} d5 {[%clk 0:20:07]} 4. Bd3
{[%clk 0:19:59]} Nc6 {[%clk 0:19:56]} 5. c3 {[%clk 0:19:39]} Qb6 {[%clk 0:19:19]}
6. Qb3 {[%clk 0:18:47]} c4 {[%clk 0:19:03]} 7. Qxb6 {[%clk 0:18:55]} axb6
{[%clk 0:19:12]} 8. Bc2 {[%clk 0:18:44]} e6 {[%clk 0:18:18]} 9. h3
{[%clk 0:17:48]} b5 {[%clk 0:18:21]} 10. Nf3 {[%clk 0:17:35]} b4 {[%clk 0:18:12]}
11. cxb4 {[%clk 0:14:16]} Nxb4 {[%clk 0:17:19]} 12. Bd1 {[%clk 0:10:35]} Nd3+
{[%clk 0:17:00]} 13. Ke2 {[%clk 0:09:39]} Nxb2 {[%clk 0:16:02]} 14. Bc2
{[%clk 0:08:03]} Bd7 {[%clk 0:15:38]} 15. Ne5 {[%clk 0:06:17]} Bb4
{[%clk 0:15:04]} 16. Nxd7 {[%clk 0:05:43]} Kxd7 {[%clk 0:14:21]} 17. Nd2
{[%clk 0:04:31]} Bc3 {[%clk 0:13:22]} 18. a3 {[%clk 0:03:23]} Nd3
{[%clk 0:12:59]} 19. Ra2 {[%clk 0:02:53]} Nb4 {[%clk 0:12:45]} 20. axb4
{[%clk 0:01:54]} Rxa2 {[%clk 0:12:52]} 21. Rc1 Bxd2 {[%clk 0:12:36]} 22. Kxd2
{[%clk 0:01:27]} Rha8 {[%clk 0:12:43]} 23. Bg5 {[%clk 0:00:55]} Ne4+
{[%clk 0:12:49]} 0-1

[Event "euyr2018"]
[Site "?"]
[Date "2018.05.25"]
[Round "1.14"]
[White "Malyovanyi, Yulian"]
[Black "Babjak, Samuel"]
[Result "1-0"]
[BlackElo "1381"]
[WhiteElo "1972"]
[LiveChessVersion "1.4.8"]

1. e4 {[%clk 0:20:17]} e6 {[%clk 0:20:19]} 2. d4 {[%clk 0:20:21]} d5
{[%clk 0:20:27]} 3. Nc3 {[%clk 0:20:26]} Nf6 {[%clk 0:20:34]} 4. e5
{[%clk 0:20:33]} Nfd7 {[%clk 0:20:41]} 5. f4 {[%clk 0:20:40]} c5 {[%clk 0:20:49]}
6. Nf3 {[%clk 0:20:47]} Nc6 {[%clk 0:20:57]} 7. Be3 {[%clk 0:20:42]} cxd4
{[%clk 0:20:56]} 8. Nxd4 {[%clk 0:20:45]} Bc5 {[%clk 0:20:56]} 9. Qd2
{[%clk 0:20:00]} O-O {[%clk 0:20:59]} 10. Be2 {[%clk 0:18:56]} a5
{[%clk 0:19:16]} 11. O-O-O {[%clk 0:14:11]} Qc7 {[%clk 0:16:39]} 12. Kb1
{[%clk 0:12:48]} Nxd4 {[%clk 0:12:06]} 13. Bxd4 {[%clk 0:12:57]} Bb4
{[%clk 0:11:10]} 14. Nb5 {[%clk 0:11:57]} Qc6 {[%clk 0:10:01]} 15. c3
{[%clk 0:11:44]} Be7 {[%clk 0:09:51]} 16. Qe3 {[%clk 0:08:02]} b6
{[%clk 0:09:03]} 17. c4 {[%clk 0:06:29]} Ba6 {[%clk 0:05:05]} 18. cxd5
{[%clk 0:06:20]} Qxd5 {[%clk 0:03:39]} 19. Nc7 {[%clk 0:05:15]} Qxg2
{[%clk 0:03:09]} 20. Bf3 {[%clk 0:04:40]} Qg6+ {[%clk 0:03:17]} 21. Be4
{[%clk 0:04:48]} Qh5 {[%clk 0:02:09]} 22. Nxa8 {[%clk 0:04:07]} Be2
{[%clk 0:01:14]} 23. Rde1 {[%clk 0:04:10]} Bg4 {[%clk 0:01:13]} 24. Nxb6
{[%clk 0:04:15]} Nxb6 {[%clk 0:00:58]} 25. Bxb6 {[%clk 0:04:23]} Bh4
{[%clk 0:00:52]} 26. Ref1 {[%clk 0:04:20]} Be2 {[%clk 0:00:56]} 27. Bxa5
{[%clk 0:03:22]} Bxf1 {[%clk 0:01:01]} 28. Rxf1 {[%clk 0:03:30]} Be7
{[%clk 0:00:53]} 29. Bc3 {[%clk 0:03:24]} Qxh2 {[%clk 0:00:50]} 30. Rh1
{[%clk 0:03:30]} 1-0

[Event "euyr2018"]
[Site "?"]
[Date "2018.05.25"]
[Round "1.15"]
[White "Kuzma, Samuel"]
[Black "Turcan, Richard"]
[Result "0-1"]
[BlackElo "1943"]
[WhiteElo "1372"]
[LiveChessVersion "1.4.8"]

1. d4 {[%clk 0:20:17]} Nf6 {[%clk 0:20:19]} 2. Bf4 {[%clk 0:20:24]} c5
{[%clk 0:20:10]} 3. c3 {[%clk 0:20:07]} d5 {[%clk 0:19:46]} 4. Nf3
{[%clk 0:19:58]} Nc6 {[%clk 0:19:50]} 5. Nbd2 {[%clk 0:19:29]} cxd4
{[%clk 0:15:48]} 6. cxd4 {[%clk 0:18:52]} Qb6 {[%clk 0:15:48]} 7. Nb3
{[%clk 0:18:33]} Bf5 {[%clk 0:15:15]} 8. a3 {[%clk 0:16:09]} e6 {[%clk 0:13:36]}
9. e3 {[%clk 0:16:05]} Be7 {[%clk 0:10:51]} 10. Be2 {[%clk 0:15:37]} h6
{[%clk 0:09:04]} 11. h3 {[%clk 0:15:07]} a5 {[%clk 0:08:14]} 12. a4
{[%clk 0:14:26]} O-O {[%clk 0:08:00]} 13. O-O {[%clk 0:14:14]} Nb4
{[%clk 0:07:49]} 14. Rc1 {[%clk 0:13:26]} Rfc8 {[%clk 0:07:30]} 15. Nfd2
{[%clk 0:12:50]} Bc2 {[%clk 0:07:17]} 16. Qe1 {[%clk 0:12:28]} Nd3
{[%clk 0:07:01]} 17. Bxd3 {[%clk 0:11:56]} Bxd3 {[%clk 0:07:09]} 18. Rxc8+
{[%clk 0:10:26]} Rxc8 {[%clk 0:07:17]} 19. Qd1 {[%clk 0:10:09]} Bxf1
{[%clk 0:07:22]} 20. Qxf1 {[%clk 0:09:58]} Ne4 {[%clk 0:07:18]} 21. Qb1
{[%clk 0:09:38]} Nxd2 {[%clk 0:07:08]} 22. Nxd2 {[%clk 0:09:47]} Ba3
{[%clk 0:06:39]} 23. Nf1 0-1

[Event "euyr2018"]
[Site "?"]
[Date "2018.05.25"]
[Round "1.16"]
[White "Pribyl, Viktor"]
[Black "Cogiel, Mateusz"]
[Result "1-0"]
[BlackElo "1360"]
[WhiteElo "1908"]
[LiveChessVersion "1.4.8"]

1. d4 {[%clk 0:20:19]} d5 {[%clk 0:20:17]} 2. Bf4 {[%clk 0:20:27]} Nc6
{[%clk 0:20:18]} 3. e3 {[%clk 0:20:35]} e6 {[%clk 0:20:17]} 4. Nf3
{[%clk 0:20:41]} Bd6 {[%clk 0:20:12]} 5. Bg3 {[%clk 0:20:49]} Nf6
{[%clk 0:20:12]} 6. Nbd2 {[%clk 0:20:34]} b6 7. Bb5 {[%clk 0:19:33]} Bb7
{[%clk 0:19:43]} 8. Ne5 {[%clk 0:19:43]} Bxe5 {[%clk 0:19:42]} 9. dxe5
{[%clk 0:19:42]} Nd7 {[%clk 0:19:41]} 10. O-O {[%clk 0:19:48]} O-O
{[%clk 0:19:47]} 11. Nf3 {[%clk 0:19:21]} a6 {[%clk 0:19:43]} 12. Bd3
{[%clk 0:19:10]} f6 {[%clk 0:17:35]} 13. exf6 {[%clk 0:19:19]} Nxf6
{[%clk 0:17:42]} 14. Nd4 {[%clk 0:18:34]} Qe7 {[%clk 0:16:21]} 15. Qe2
{[%clk 0:18:41]} Nb4 {[%clk 0:14:59]} 16. a3 {[%clk 0:17:34]} Nxd3
{[%clk 0:14:39]} 17. cxd3 {[%clk 0:17:37]} c5 {[%clk 0:14:31]} 18. Nf3
{[%clk 0:17:33]} Rac8 {[%clk 0:10:36]} 19. Rfc1 {[%clk 0:17:23]} b5
{[%clk 0:09:29]} 20. b3 {[%clk 0:16:30]} Rc6 {[%clk 0:07:40]} 21. Ne5
{[%clk 0:15:28]} Rcc8 {[%clk 0:07:03]} 22. Rc2 {[%clk 0:15:27]} Nd7
{[%clk 0:06:59]} 23. Rac1 {[%clk 0:14:13]} Nxe5 24. Bxe5 Rf5 {[%clk 0:05:38]} 25.
f4 {[%clk 0:07:12]} Rff8 {[%clk 0:02:17]} 26. Qg4 {[%clk 0:07:03]} Rf7
{[%clk 0:01:35]} 27. h3 {[%clk 0:06:39]} Rc6 {[%clk 0:01:33]} 28. Kh2
{[%clk 0:06:39]} c4 {[%clk 0:01:36]} 29. bxc4 {[%clk 0:06:05]} dxc4
{[%clk 0:01:11]} 30. dxc4 {[%clk 0:06:13]} bxc4 {[%clk 0:00:32]} 31. Rxc4
{[%clk 0:06:20]} Rxc4 {[%clk 0:00:40]} 32. Rxc4 {[%clk 0:06:26]} Qxa3
{[%clk 0:00:18]} 33. Qxe6 {[%clk 0:06:01]} Qa2 {[%clk 0:00:13]} 34. Rc8+
{[%clk 0:05:58]} Bxc8 {[%clk 0:00:20]} 35. Qxa2 {[%clk 0:06:06]} Bb7
{[%clk 0:00:28]} 36. Qb3 {[%clk 0:06:05]} Bc6 {[%clk 0:00:25]} 37. Bd6
{[%clk 0:06:13]} Bb5 {[%clk 0:00:32]} 38. Qe6 {[%clk 0:06:12]} h6
{[%clk 0:00:18]} 39. e4 {[%clk 0:05:56]} 1-0

[Event "euyr2018"]
[Site "?"]
[Date "2018.05.25"]
[Round "1.17"]
[White "Lestina, Petr"]
[Black "Zetocha, Adrian"]
[Result "0-1"]
[BlackElo "1887"]
[WhiteElo "1346"]
[LiveChessVersion "1.4.8"]

1. e4 {[%clk 0:20:19]} d6 {[%clk 0:20:16]} 2. Nc3 {[%clk 0:20:21]} Nf6
{[%clk 0:20:07]} 3. Nf3 {[%clk 0:20:25]} c5 {[%clk 0:19:17]} 4. d4
{[%clk 0:19:39]} cxd4 {[%clk 0:19:23]} 5. Nxd4 {[%clk 0:19:47]} Nc6
{[%clk 0:19:01]} 6. f4 {[%clk 0:18:40]} Qb6 {[%clk 0:16:20]} 7. Nb3
{[%clk 0:16:30]} g6 {[%clk 0:14:20]} 8. Bd3 {[%clk 0:14:26]} Bg7 {[%clk 0:14:05]}
9. h3 {[%clk 0:13:06]} O-O {[%clk 0:11:36]} 10. Qf3 {[%clk 0:11:32]} Nb4
{[%clk 0:09:11]} 11. Be3 {[%clk 0:09:08]} Qc7 {[%clk 0:09:19]} 12. O-O-O
{[%clk 0:09:11]} Nxd3+ {[%clk 0:08:16]} 13. Rxd3 {[%clk 0:09:16]} b5
{[%clk 0:07:42]} 14. Nxb5 {[%clk 0:08:25]} Qb7 {[%clk 0:05:39]} 15. Nc3
{[%clk 0:07:48]} a5 {[%clk 0:05:21]} 16. g4 {[%clk 0:07:32]} a4 {[%clk 0:04:47]}
17. Nd4 {[%clk 0:07:39]} Rb8 {[%clk 0:04:08]} 18. Nxa4 {[%clk 0:06:22]} Bd7
{[%clk 0:03:57]} 19. b3 {[%clk 0:03:44]} Nxe4 {[%clk 0:02:54]} 20. f5
{[%clk 0:03:00]} Bxa4 {[%clk 0:02:57]} 21. h4 {[%clk 0:01:54]} Bd7
{[%clk 0:01:30]} 22. h5 {[%clk 0:01:59]} Nc5 {[%clk 0:01:36]} 23. Rc3
{[%clk 0:01:04]} Qxf3 {[%clk 0:01:41]} 24. hxg6 {[%clk 0:01:04]} Qxh1+
{[%clk 0:01:47]} 0-1

[Event "euyr2018"]
[Site "?"]
[Date "2018.05.25"]
[Round "1.18"]
[White "Sobek, Michal"]
[Black "Kostelansky, Karol"]
[Result "1-0"]
[BlackElo "1311"]
[WhiteElo "1830"]
[LiveChessVersion "1.4.8"]

1. e4 {[%clk 0:20:17]} c6 {[%clk 0:20:15]} 2. Nc3 {[%clk 0:20:21]} d5
{[%clk 0:20:20]} 3. Nf3 {[%clk 0:20:24]} Bg4 {[%clk 0:19:17]} 4. h3
{[%clk 0:18:14]} Bxf3 {[%clk 0:17:40]} 5. Qxf3 {[%clk 0:18:04]} e6
{[%clk 0:17:33]} 6. exd5 {[%clk 0:17:03]} cxd5 {[%clk 0:17:32]} 7. Bb5+
{[%clk 0:14:53]} Nc6 {[%clk 0:15:31]} 8. O-O {[%clk 0:14:28]} Nf6
{[%clk 0:14:27]} 9. Re1 {[%clk 0:13:59]} Be7 {[%clk 0:13:48]} 10. Ne2
{[%clk 0:12:03]} O-O {[%clk 0:12:16]} 11. d4 {[%clk 0:11:42]} Qb6
{[%clk 0:11:38]} 12. Bxc6 {[%clk 0:08:15]} bxc6 {[%clk 0:11:20]} 13. b3
{[%clk 0:08:23]} c5 {[%clk 0:09:25]} 14. Ba3 {[%clk 0:06:30]} Rfe8
{[%clk 0:08:17]} 15. Rad1 {[%clk 0:06:24]} Rac8 {[%clk 0:07:42]} 16. Bb2
{[%clk 0:04:41]} Ne4 {[%clk 0:06:08]} 17. Ng3 {[%clk 0:03:48]} Nf6
{[%clk 0:05:09]} 18. Qe2 {[%clk 0:02:16]} Rc6 {[%clk 0:02:31]} 19. Nh5
{[%clk 0:01:51]} Nxh5 {[%clk 0:01:46]} 20. Qxh5 {[%clk 0:01:56]} Bf6
{[%clk 0:01:50]} 21. dxc5 {[%clk 0:02:00]} Qxc5 {[%clk 0:01:40]} 22. Bxf6
{[%clk 0:02:08]} gxf6 {[%clk 0:01:47]} 23. Rxd5 {[%clk 0:01:44]} Qxc2
{[%clk 0:01:00]} 24. Rd7 {[%clk 0:01:50]} Qg6 {[%clk 0:00:28]} 25. Qxg6+
{[%clk 0:01:58]} hxg6 {[%clk 0:00:25]} 26. Rxa7 {[%clk 0:02:06]} Rec8
{[%clk 0:00:33]} 27. Rb1 {[%clk 0:01:45]} Rc2 {[%clk 0:00:19]} 28. b4
{[%clk 0:00:35]} Rd2 1-0

[Event "euyr2018"]
[Site "?"]
[Date "2018.05.25"]
[Round "1.19"]
[White "Bochnicka, Vladimir"]
[Black "Datelova, Daniela"]
[Result "1-0"]
[BlackElo "1291"]
[WhiteElo "1799"]
[LiveChessVersion "1.4.8"]

1. e4 {[%clk 0:20:18]} e6 {[%clk 0:20:20]} 2. d4 {[%clk 0:20:18]} d5
{[%clk 0:20:28]} 3. Nd2 {[%clk 0:19:40]} c5 {[%clk 0:19:36]} 4. exd5
{[%clk 0:19:46]} exd5 {[%clk 0:19:44]} 5. Ngf3 {[%clk 0:19:54]} Nc6
{[%clk 0:19:38]} 6. Bb5 {[%clk 0:19:50]} Bd6 {[%clk 0:18:03]} 7. dxc5
{[%clk 0:17:48]} Bxc5 {[%clk 0:18:04]} 8. Nb3 {[%clk 0:17:55]} Bb6
{[%clk 0:18:10]} 9. O-O {[%clk 0:17:28]} Nge7 {[%clk 0:18:10]} 10. Re1
{[%clk 0:16:07]} O-O {[%clk 0:18:11]} 11. c3 {[%clk 0:16:08]} Be6
{[%clk 0:16:15]} 12. Bd3 {[%clk 0:13:31]} Re8 {[%clk 0:15:54]} 13. Bf4
{[%clk 0:10:06]} Ng6 {[%clk 0:14:34]} 14. Bg3 {[%clk 0:08:42]} Qd7
{[%clk 0:10:56]} 15. h3 {[%clk 0:07:33]} Rad8 {[%clk 0:10:14]} 16. Qc2
{[%clk 0:06:38]} d4 {[%clk 0:08:40]} 17. Nbxd4 {[%clk 0:06:17]} Nxd4
{[%clk 0:08:41]} 18. cxd4 {[%clk 0:05:58]} Bxd4 {[%clk 0:08:31]} 19. Bxg6
{[%clk 0:05:21]} hxg6 {[%clk 0:08:27]} 20. Rad1 {[%clk 0:05:16]} Bf5
{[%clk 0:07:42]} 21. Rxe8+ {[%clk 0:03:34]} Qxe8 {[%clk 0:07:23]} 22. Qb3
{[%clk 0:03:02]} Bb6 {[%clk 0:06:32]} 23. Re1 {[%clk 0:03:05]} Be6
{[%clk 0:03:35]} 24. Qb4 {[%clk 0:02:16]} Qd7 {[%clk 0:01:07]} 25. a3
{[%clk 0:01:56]} Re8 {[%clk 0:00:59]} 26. Ne5 {[%clk 0:01:33]} Qd8
{[%clk 0:01:03]} 27. Qe4 {[%clk 0:00:38]} Bd5 {[%clk 0:00:48]} 28. Qg4
{[%clk 0:00:28]} Bc7 {[%clk 0:00:23]} 29. Re3 {[%clk 0:00:25]} Bxe5
{[%clk 0:00:16]} 30. Bxe5 {[%clk 0:00:27]} Be6 {[%clk 0:00:25]} 31. Qf4
{[%clk 0:00:32]} Qd7 {[%clk 0:00:27]} 32. Rc3 {[%clk 0:00:32]} Rc8
{[%clk 0:00:20]} 33. Rxc8+ {[%clk 0:00:32]} Qxc8 {[%clk 0:00:28]} 34. Qd4
{[%clk 0:00:37]} b6 {[%clk 0:00:14]} 35. Bxg7 {[%clk 0:00:40]} Qc1+
{[%clk 0:00:16]} 36. Kh2 {[%clk 0:00:49]} Qc7+ {[%clk 0:00:14]} 37. Be5
{[%clk 0:00:54]} Qc8 {[%clk 0:00:21]} 38. Qh4 {[%clk 0:00:54]} 1-0

[Event "euyr2018"]
[Site "?"]
[Date "2018.05.25"]
[Round "1.20"]
[White "Kapitulcin, Jakub"]
[Black "Jares, Michal"]
[Result "0-1"]
[BlackElo "1767"]
[WhiteElo "1278"]
[LiveChessVersion "1.4.8"]

1. e4 {[%clk 0:20:18]} c5 {[%clk 0:20:15]} 2. Nf3 {[%clk 0:20:24]} d6
{[%clk 0:20:17]} 3. d4 {[%clk 0:20:23]} cxd4 {[%clk 0:20:21]} 4. Nxd4
{[%clk 0:20:29]} Nf6 {[%clk 0:20:18]} 5. Nc3 {[%clk 0:20:22]} g6 {[%clk 0:20:19]}
6. Bb5+ {[%clk 0:20:26]} Bd7 {[%clk 0:20:01]} 7. Bxd7+ {[%clk 0:20:19]} Nbxd7
{[%clk 0:19:59]} 8. O-O {[%clk 0:20:08]} Bg7 {[%clk 0:20:03]} 9. Be3
{[%clk 0:20:02]} O-O {[%clk 0:20:02]} 10. h3 {[%clk 0:20:05]} Rc8
{[%clk 0:19:56]} 11. Qd2 {[%clk 0:20:09]} Ne5 {[%clk 0:19:32]} 12. Qc1
{[%clk 0:19:01]} Rxc3 {[%clk 0:17:43]} 13. bxc3 {[%clk 0:18:18]} Nxe4
{[%clk 0:17:38]} 14. Bh6 {[%clk 0:18:21]} Nxc3 {[%clk 0:16:20]} 15. Bxg7
{[%clk 0:18:20]} Kxg7 {[%clk 0:16:16]} 16. Qb2 {[%clk 0:16:58]} Qa5
{[%clk 0:13:08]} 17. Nb3 {[%clk 0:15:03]} Qc7 {[%clk 0:10:24]} 18. Rfe1
{[%clk 0:12:09]} Nd5 {[%clk 0:05:02]} 19. Rac1 {[%clk 0:09:32]} Kg8
{[%clk 0:04:09]} 20. Rcd1 {[%clk 0:08:25]} Nf4 {[%clk 0:03:37]} 21. Qd4
{[%clk 0:07:46]} Nxh3+ {[%clk 0:01:35]} 22. Kh2 {[%clk 0:06:47]} Qc8
{[%clk 0:00:52]} 23. Qh4 {[%clk 0:06:09]} Nxf2 {[%clk 0:00:41]} 24. Qxf2
{[%clk 0:06:09]} Ng4+ {[%clk 0:00:48]} 25. Kg3 {[%clk 0:06:11]} Nxf2
{[%clk 0:00:53]} 26. Kxf2 {[%clk 0:06:20]} Qxc2+ {[%clk 0:00:46]} 27. Rd2
{[%clk 0:06:29]} Qf5+ {[%clk 0:00:46]} 28. Kg1 {[%clk 0:06:33]} Qf6
{[%clk 0:00:39]} 29. Rf2 {[%clk 0:06:35]} Qg5 {[%clk 0:00:34]} 30. Nd4
{[%clk 0:06:16]} e5 {[%clk 0:00:30]} 31. Nf3 {[%clk 0:06:24]} Qd8
{[%clk 0:00:35]} 32. Nd2 {[%clk 0:06:24]} f6 {[%clk 0:00:37]} 33. Ne4
{[%clk 0:06:22]} d5 {[%clk 0:00:39]} 34. Nc5 {[%clk 0:06:29]} Qe7
{[%clk 0:00:34]} 35. Nd3 {[%clk 0:06:31]} b5 {[%clk 0:00:27]} 36. Rb2
{[%clk 0:06:16]} a6 {[%clk 0:00:34]} 37. Kf1 {[%clk 0:06:02]} Rc8
{[%clk 0:00:37]} 38. Nf2 {[%clk 0:06:01]} Qa3 {[%clk 0:00:33]} 39. Rd2
{[%clk 0:05:44]} Rc5 {[%clk 0:00:28]} 40. Nd3 {[%clk 0:05:45]} Rc3
{[%clk 0:00:26]} 41. Nf2 {[%clk 0:05:34]} Qc5 {[%clk 0:00:20]} 42. Nd3
{[%clk 0:05:33]} Qc4 {[%clk 0:00:24]} 43. Kf2 {[%clk 0:05:26]} Rxd3
{[%clk 0:00:27]} 44. Rxd3 {[%clk 0:05:32]} Qxd3 {[%clk 0:00:35]} 45. Re3
{[%clk 0:05:37]} Qd2+ {[%clk 0:00:42]} 46. Re2 {[%clk 0:05:46]} Qf4+
{[%clk 0:00:49]} 47. Ke1 {[%clk 0:05:52]} d4 {[%clk 0:00:55]} 48. Rc2
{[%clk 0:05:57]} Qg3+ {[%clk 0:00:56]} 49. Kd1 {[%clk 0:06:04]} d3
{[%clk 0:00:53]} 50. Rc3 {[%clk 0:06:03]} e4 {[%clk 0:00:55]} 51. Kd2
{[%clk 0:06:03]} Qxg2+ {[%clk 0:00:59]} 52. Ke3 {[%clk 0:06:12]} d2
{[%clk 0:00:40]} 53. Rc2 {[%clk 0:06:13]} d1=N+ {[%clk 0:00:20]} 54. Kd4
{[%clk 0:06:18]} Qxc2 {[%clk 0:00:26]} 55. Kd5 {[%clk 0:06:24]} Qc4+
{[%clk 0:00:31]} 56. Kd6 {[%clk 0:06:32]} Ne3 {[%clk 0:00:34]} 57. a4
{[%clk 0:06:41]} Qd5+ {[%clk 0:00:38]} 58. Kc7 {[%clk 0:06:50]} Qc5+
{[%clk 0:00:45]} 59. Kb7 {[%clk 0:06:56]} Nd5 {[%clk 0:00:49]} 60. a5
{[%clk 0:07:12]} Qc7+ {[%clk 0:00:34]} 61. Ka8 {[%clk 0:07:14]} Qd8+ 62. Kb7 Qxa5
{[%clk 0:00:24]} 63. Ka8 {[%clk 0:07:22]} Qd8+ {[%clk 0:00:27]} 64. Ka7
{[%clk 0:07:29]} Qb6+ {[%clk 0:00:31]} 65. Ka8 {[%clk 0:07:37]} Nc7# 0-1